000
00329nam a2200145Ia 4500
005
20251222152008.0
008
251222s9999||||xx |||||||||||||| ||spa||
020
_a
9972290964
082
_a
636.296.6/S17
100
_a
Salvá Ruiz, Bettit
245
0
_a
Carne de Alpaca:
250
_a
1ra.ed.
264
_b
EUNSA
942
_c
LIB
999
_c
24812
_d
24812